Vykurovanie - vetranie - zdravotná technika : Anglicko-nemecko-slovensko-ruský slovník /
Guardado en:
| Otros Autores: | |
|---|---|
| Formato: | Libro |
| Lenguaje: | lenguas múltiples |
| Publicado: |
Bratislava :
Alfa,
1973
|
| Etiquetas: |
Sin Etiquetas, Sea el primero en etiquetar este registro!
|
MARC
| LEADER | 00000nam a22000003a 4500 | ||
|---|---|---|---|
| 001 | stu6565 | ||
| 005 | 20150617225808.4 | ||
| 008 | 940908s1973----cs------------------mul-d | ||
| 040 | |a STU |b slo | ||
| 041 | 0 | |a mul | |
| 044 | |a cs | ||
| 080 | |a 801.316.4=20=30=854=82 | ||
| 080 | |a 697(038) | ||
| 100 | 1 | |a Lindeke, Wolfgang |4 com | |
| 245 | 1 | |a Vykurovanie - vetranie - zdravotná technika : |b Anglicko-nemecko-slovensko-ruský slovník / |c Edit.: Lindeke,Wolfgang a kol | |
| 260 | |a Bratislava : |b Alfa, |c 1973 | ||
| 300 | |a 185 s | ||
| 996 | |c V*30001/O-12037 |l VV18 |s P |a 0 |w stu6565_0001 | ||
| 996 | |b 284EK08263 |c E*30453 |l EE01 |s A |a 24 |w stu6565_0002 | ||
| 996 | |b 284V035966 |c V*23012/O-9117 |l VVS |s A |a 24 |w stu6565_0003 | ||
| 996 | |b 284V035976 |c V*23013/O-9117a |l VVS |s A |a 24 |w stu6565_0004 | ||
| 996 | |b 284V028905 |c V*11264/O-3021 |l VVT |s A |a 24 |w stu6565_0005 | ||